[Event "VIE-ch"]
[Site "Hanoi"]
[Date "2024.03.11"]
[Round "1"]
[White "Dang, Hoang Son"]
[Black "Nguyen, Truong An Khang"]
[Result "1-0"]
[WhiteElo "2333"]
[BlackElo "1830"]
[PlyCount "59"]
[EventDate "2024.03.11"]
[EventType "swiss"]
[EventRounds "9"]
[EventCountry "VIE"]
[SourceTitle "CB13_2024"]
[SourceDate "2024.03.27"]
[SourceVersion "1"]
[SourceVersionDate "2024.03.27"]
[SourceQuality "1"]

1. d4 Nf6 2. c4 e6 3. Nc3 Bb4 4. Bd2 0-0 5. e3 d5 6. Nf3 Nbd7 7. Rc1 b6 8. cxd5 exd5 9. Bd3 Bb7 10. 0-0 c5 11. dxc5 bxc5 12. Na4 Bxd2 13. Nxd2 Rc8 14. a3 Qa5 15. Bf5 Rfd8 16. Qc2 g6 17. Bh3 Rc6 18. Rfd1 Rdc8 19. e4 Qc7 20. exd5 Rd6 21. Nc3 Bxd5 22. Nb5 Qb8 23. Nxd6 Qxd6 24. Ne4 Bxe4 25. Rxd6 Bxc2 26. Rxf6 Rc7 27. Rd6 Ba4 28. b3 Bb5 29. a4 Bc6 30. Rxc6 1-0

[Event "Hanoi op"]
[Site "Hanoi"]
[Date "2022.08.27"]
[Round "7"]
[White "Dang, Hoang Son"]
[Black "Vo, Pham Thien Phuc"]
[Result "0-1"]
[WhiteElo "2360"]
[BlackElo "2037"]
[PlyCount "116"]
[EventDate "2022.08.20"]
[EventType "swiss"]
[EventRounds "9"]
[EventCountry "VIE"]
[SourceTitle "CBM 209 Extra"]
[Source "ChessBase"]
[SourceDate "2022.09.30"]
[SourceVersion "1"]
[SourceVersionDate "2022.09.30"]
[SourceQuality "1"]

1. d4 Nf6 2. c4 g6 3. g3 Bg7 4. Bg2 0-0 5. Nf3 d6 6. 0-0 Nc6 7. Nc3 a6 8. b3 Rb8 9. Bb2 b5 10. cxb5 axb5 11. Rc1 Bd7 12. d5 Na7 13. Nd4 b4 14. Na4 e5 15. dxe6 fxe6 16. Bh3 Re8 17. Qc2 c5 18. Nf3 Nb5 19. Rfd1 Qe7 20. Qd3 e5 21. Bxd7 Nxd7 22. e3 e4 23. Qd5+ Qe6 24. Bxg7 Qxd5 25. Rxd5 Kxg7 26. Ng5 h6 27. Nh3 g5 28. Rd2 Ne5 29. Kg2 Kf6 30. Ng1 Ra8 31. h3 Nd3 32. Rf1 Kg6 33. Ne2 d5 34. Nxc5 Nxc5 35. Rxd5 Rec8 36. Rc1 Nc3 37. Nxc3 Nd3 38. Rd6+ Kg7 39. Rd7+ Kf8 40. Nxe4 Nxc1 41. Rh7 Nd3 42. Rxh6 Kg7 43. Rh5 Ra5 44. h4 Rh8 45. Rxg5+ Rxg5 46. Nxg5 Ra8 47. f4 Rxa2+ 48. Kf3 Nc5 49. e4 Nxb3 50. e5 Nd4+ 51. Ke4 b3 52. Kxd4 b2 53. f5 b1Q 54. f6+ Kg6 55. f7 Rd2+ 56. Ke3 Qd3+ 57. Kf4 Rf2+ 58. Kg4 Qf5# 0-1

[Event "Hanoi GM"]
[Site "Hanoi"]
[Date "2022.05.27"]
[Round "5"]
[White "Dang, Hoang Son"]
[Black "Pranav, Anand"]
[Result "1-0"]
[WhiteElo "2361"]
[BlackElo "2479"]
[PlyCount "115"]
[EventDate "2022.05.24"]
[EventType "tourn"]
[EventRounds "9"]
[EventCountry "VIE"]
[EventCategory "8"]
[SourceTitle "CBM 208 Extra"]
[Source "ChessBase"]
[SourceDate "2022.07.31"]
[SourceVersion "1"]
[SourceVersionDate "2022.07.31"]
[SourceQuality "1"]

1. d4 Nf6 2. c4 e6 3. Nf3 d5 4. g3 Bb4+ 5. Bd2 Be7 6. Bg2 0-0 7. 0-0 Nbd7 8. c5 c6 9. Nc3 Ne4 10. Nxe4 dxe4 11. Ne5 Nxe5 12. dxe5 Qd5 13. Bc3 Qxd1 14. Rfxd1 e3 15. b4 exf2+ 16. Kxf2 Rb8 17. a3 Rd8 18. h4 Bd7 19. e3 Be8 20. Be4 f6 21. exf6 Bxf6 22. Bxf6 gxf6 23. g4 h6 24. Ke2 Rxd1 25. Rxd1 Kf8 26. Bc2 Ke7 27. Be4 Bd7 28. Kf3 Rg8 29. Bc2 Be8 30. Rd6 Rg7 31. Bb3 Bd7 32. Bc2 Rg8 33. Bh7 Ra8 34. Be4 Rb8 35. Kf2 Rg8 36. Kf3 Rb8 37. Kf2 a5 38. Rd2 axb4 39. axb4 Ra8 40. Rb2 Kd8 41. Kg3 Kc7 42. Rf2 Rf8 43. Bg6 Kd8 44. Ra2 Kc7 45. e4 Rg8 46. h5 e5 47. Rd2 Rf8 48. Rd6 b6 49. Bf5 Bxf5 50. exf5 bxc5 51. bxc5 Rf7 52. g5 hxg5 53. Kg4 Re7 54. Rxf6 e4 55. Re6 Kd7 56. h6 e3 57. Rxe7+ Kxe7 58. Kf3 1-0

[Event "Hanoi GM"]
[Site "Hanoi"]
[Date "2022.05.25"]
[Round "2"]
[White "Tin, Jingyao"]
[Black "Dang, Hoang Son"]
[Result "1-0"]
[WhiteElo "2499"]
[BlackElo "2361"]
[PlyCount "103"]
[EventDate "2022.05.24"]
[EventType "tourn"]
[EventRounds "9"]
[EventCountry "VIE"]
[EventCategory "8"]
[SourceTitle "CBM 208 Extra"]
[Source "ChessBase"]
[SourceDate "2022.07.31"]
[SourceVersion "1"]
[SourceVersionDate "2022.07.31"]
[SourceQuality "1"]

1. d4 Nf6 2. c4 g6 3. Nc3 Bg7 4. e4 d6 5. Nf3 0-0 6. Be2 c5 7. d5 e5 8. 0-0 Ne8 9. a3 f5 10. b4 Na6 11. Rb1 f4 12. Ne1 Rf7 13. Nd3 b6 14. bxc5 bxc5 15. Bg4 Bxg4 16. Qxg4 Nf6 17. Qh3 Bf8 18. Bd2 h5 19. f3 Nc7 20. g3 g5 21. gxf4 gxf4 22. Kh1 Qc8 23. Rg1+ Bg7 24. Qxc8+ Rxc8 25. Rb7 Nce8 26. Rgb1 Kf8 27. Rxf7+ Kxf7 28. Rb7+ Rc7 29. Rxc7+ Nxc7 30. Nb5 Nxb5 31. cxb5 Ne8 32. a4 Ke7 33. Nb2 Kd7 34. Nc4 Bf6 35. Kg2 Bd8 36. Kh3 Nf6 37. Be1 Nh7 38. Bh4 Ng5+ 39. Bxg5 Bxg5 40. a5 Be7 41. a6 Kc7 42. Kg2 Bf8 43. Kf1 Kb8 44. Ke2 h4 45. h3 Kc7 46. Kd3 Kb8 47. Kc2 Kc7 48. Kb3 Kb8 49. Ka4 Kc7 50. b6+ axb6 51. Kb5 Kb8 52. Kxb6 1-0

[Event "Titled Tuesday intern op 10th May Early"]
[Site "Chess.com INT"]
[Date "2022.05.10"]
[Round "4"]
[White "Dang, Hoang Son"]
[Black "Dubov, Daniil"]
[Result "0-1"]
[WhiteElo "2361"]
[BlackElo "2702"]
[PlyCount "88"]
[EventDate "2022.05.10"]
[EventType "swiss (blitz)"]
[EventRounds "11"]
[EventCountry "USA"]
[SourceTitle "CBM 208 Extra"]
[Source "ChessBase"]
[SourceDate "2022.07.31"]
[SourceVersion "1"]
[SourceVersionDate "2022.07.31"]
[SourceQuality "1"]

1. d4 g6 2. Bf4 d6 3. e3 Bg7 4. Nf3 Nd7 5. Bc4 e5 6. Bg5 Ne7 7. Nc3 h6 8. Bh4 0-0 9. Nd5 g5 10. Bg3 Nf5 11. dxe5 dxe5 12. e4 Nd6 13. Bd3 c6 14. Nc3 Qe7 15. Qe2 Nc5 16. h4 g4 17. Nd2 f5 18. 0-0-0 f4 19. Bh2 Nxd3+ 20. Qxd3 Be6 21. f3 g3 22. Bg1 b6 23. Nb3 Rad8 24. Qe2 Rd7 25. Qe1 Rfd8 26. Rd2 h5 27. Rd3 Bf6 28. Rd2 Bf7 29. Rd3 Bxh4 30. Ne2 Bg5 31. Qc3 h4 32. a4 Nc4 33. a5 c5 34. Rd5 Rxd5 35. exd5 Rxd5 36. axb6 axb6 37. Qe1 Qd7 38. Nc3 Bg6 39. Nxd5 Qxd5 40. Nd2 Nxd2 41. Qxd2 Qxd2+ 42. Kxd2 e4 43. fxe4 Bxe4 44. Ke2 Bxg2 0-1

[Event "Titled Tuesday intern op 10th May Early"]
[Site "Chess.com INT"]
[Date "2022.05.10"]
[Round "11"]
[White "Dang, Hoang Son"]
[Black "Kaasen, Tor Fredrik"]
[Result "1-0"]
[WhiteElo "2361"]
[BlackElo "2461"]
[PlyCount "73"]
[EventDate "2022.05.10"]
[EventType "swiss (blitz)"]
[EventRounds "11"]
[EventCountry "USA"]
[SourceTitle "CBM 208 Extra"]
[Source "ChessBase"]
[SourceDate "2022.07.31"]
[SourceVersion "1"]
[SourceVersionDate "2022.07.31"]
[SourceQuality "1"]

1. d4 Nf6 2. Bf4 d5 3. e3 c5 4. Nf3 Nc6 5. Nbd2 e6 6. c3 cxd4 7. cxd4 Nh5 8. Bg5 f6 9. Bh4 Bd6 10. g4 g5 11. gxh5 gxh4 12. Rg1 f5 13. Bb5 Bd7 14. h6 Qf6 15. Bxc6 Bxc6 16. Ne5 Bxe5 17. Qh5+ Qf7 18. Qxf7+ Kxf7 19. dxe5 Rhg8 20. 0-0-0 Rg6 21. Rxg6 Kxg6 22. Rg1+ Kxh6 23. Nf3 f4 24. exf4 Rf8 25. Rg4 h3 26. Ng5 Kh5 27. f3 Rc8 28. Nxe6 Bd7+ 29. Kd2 Bxe6 30. Rg7 Bf5 31. Rg5+ Kh4 32. Rxf5 Rc7 33. e6 h5 34. Rf7 Rc6 35. f5 Rc8 36. e7 Re8 37. f6 1-0

[Event "Titled Tuesday intern op 10th May Early"]
[Site "Chess.com INT"]
[Date "2022.05.10"]
[Round "7"]
[White "Raahul, VS."]
[Black "Dang, Hoang Son"]
[Result "0-1"]
[WhiteElo "2371"]
[BlackElo "2361"]
[PlyCount "90"]
[EventDate "2022.05.10"]
[EventType "swiss (blitz)"]
[EventRounds "11"]
[EventCountry "USA"]
[SourceTitle "CBM 208 Extra"]
[Source "ChessBase"]
[SourceDate "2022.07.31"]
[SourceVersion "1"]
[SourceVersionDate "2022.07.31"]
[SourceQuality "1"]

1. b3 e5 2. Bb2 Nc6 3. c4 Nf6 4. e3 Bc5 5. a3 0-0 6. b4 Be7 7. Nc3 d5 8. cxd5 Nxd5 9. Nf3 Bf6 10. Ne4 Bf5 11. Nxf6+ Qxf6 12. d3 Nb6 13. Be2 Rad8 14. b5 Na5 15. Bxe5 Qg6 16. Nh4 Qe6 17. Bxc7 Rd7 18. Bxb6 axb6 19. Nxf5 Qxf5 20. Bg4 Qg6 21. Bxd7 Qxg2 22. Ke2 Rd8 23. Bf5 g6 24. Qa4 Qg5 25. Be4 Qg4+ 26. Kd2 Kg7 27. Rag1 Qh4 28. Ke2 f5 29. Qc2 fxe4 30. Qc7+ Kg8 31. d4 Qh5+ 32. Kd2 Rf8 33. Qe5 Rxf2+ 34. Kc3 Qe2 35. Qe6+ Rf7 36. Rd1 Qxe3+ 37. Kc2 Kg7 38. Qe5+ Kh6 39. Rhf1 Qb3+ 40. Kc1 Qxa3+ 41. Kb1 Rxf1 42. Rxf1 Qd3+ 43. Kb2 Nc4+ 44. Ka2 Qa3+ 45. Kb1 Qb2# 0-1

[Event "Titled Tuesday intern op 03rd May Early"]
[Site "Chess.com INT"]
[Date "2022.05.03"]
[Round "4"]
[White "Dang, Hoang Son"]
[Black "Deac, Bogdan Daniel"]
[Result "0-1"]
[WhiteElo "2361"]
[BlackElo "2671"]
[PlyCount "54"]
[EventDate "2022.05.03"]
[EventType "swiss (blitz)"]
[EventRounds "11"]
[EventCountry "USA"]
[SourceTitle "CBM 208 Extra"]
[Source "ChessBase"]
[SourceDate "2022.07.31"]
[SourceVersion "1"]
[SourceVersionDate "2022.07.31"]
[SourceQuality "1"]

1. d4 Nf6 2. Bf4 c5 3. e3 Qb6 4. Nc3 d6 5. a4 a6 6. Bc4 g6 7. a5 Qc7 8. dxc5 Qxc5 9. Bb3 Bg7 10. Nge2 Nc6 11. 0-0 Nxa5 12. Na4 Qc7 13. Ba2 Bd7 14. Nac3 Nc4 15. Qd4 Nb6 16. Rfd1 0-0 17. Bg5 Rac8 18. Qh4 Nc4 19. Rd4 Ne5 20. Rad1 Bg4 21. R1d2 Bxe2 22. Rxe2 b5 23. Qh3 Qa5 24. Bb3 Rxc3 25. f4 Qa1+ 26. Kf2 Neg4+ 27. Kf3 Qf1+ 0-1

[Event "Titled Tuesday intern op 03rd May Early"]
[Site "Chess.com INT"]
[Date "2022.05.03"]
[Round "9"]
[White "Dang, Hoang Son"]
[Black "Shohat, Yotam"]
[Result "1-0"]
[WhiteElo "2361"]
[BlackElo "2331"]
[PlyCount "81"]
[EventDate "2022.05.03"]
[EventType "swiss (blitz)"]
[EventRounds "11"]
[EventCountry "USA"]
[SourceTitle "CBM 208 Extra"]
[Source "ChessBase"]
[SourceDate "2022.07.31"]
[SourceVersion "1"]
[SourceVersionDate "2022.07.31"]
[SourceQuality "1"]

1. d4 Nf6 2. Bf4 c5 3. e3 d5 4. Nf3 Nc6 5. Nbd2 cxd4 6. exd4 Bf5 7. c3 e6 8. Qb3 Bd6 9. Qxb7 Bxf4 10. Qxc6+ Ke7 11. Nb3 Qd6 12. Qxd6+ Kxd6 13. g3 Bh6 14. Ne5 Rhf8 15. f3 Rab8 16. Na5 Nd7 17. a4 Nxe5 18. dxe5+ Kc7 19. b4 d4 20. b5 dxc3 21. f4 g5 22. Ra3 gxf4 23. Rxc3+ Kd7 24. Bg2 Rfc8 25. Nc6 Ke8 26. 0-0 Rb6 27. gxf4 a6 28. Rg3 axb5 29. axb5 Rxb5 30. Na7 Rbb8 31. Nxc8 Rxc8 32. Rg8+ Bf8 33. Rd1 Bg6 34. h4 Ke7 35. Bf3 Rc3 36. Kg2 Bh6 37. h5 Bc2 38. Rdd8 f5 39. Rge8+ Kf7 40. Rh8 Bxf4 41. Rd7# 1-0

[Event "Titled Tuesday intern op 03rd May Early"]
[Site "Chess.com INT"]
[Date "2022.05.03"]
[Round "6"]
[White "Dang, Hoang Son"]
[Black "Toncheva, Nadya"]
[Result "0-1"]
[WhiteElo "2361"]
[BlackElo "2228"]
[PlyCount "68"]
[EventDate "2022.05.03"]
[EventType "swiss (blitz)"]
[EventRounds "11"]
[EventCountry "USA"]
[SourceTitle "CBM 208 Extra"]
[Source "ChessBase"]
[SourceDate "2022.07.31"]
[SourceVersion "1"]
[SourceVersionDate "2022.07.31"]
[SourceQuality "1"]

1. d4 d5 2. Bf4 Nf6 3. e3 c5 4. Nf3 Nc6 5. Nbd2 Qb6 6. dxc5 Qxb2 7. Rb1 Qc3 8. Bb5 e6 9. 0-0 Bd7 10. Ba4 Na5 11. Bxd7+ Nxd7 12. e4 Qxc5 13. Qe2 a6 14. Be3 Qd6 15. Rb6 Nxb6 16. Bxb6 Qxb6 17. exd5 Be7 18. Ne5 Qd6 19. c4 0-0 20. Rd1 Bf6 21. Ng4 Bg5 22. Ne4 Qe7 23. d6 Qd8 24. c5 Nc6 25. g3 h5 26. f4 hxg4 27. fxg5 Ne5 28. Kg2 Nf3 29. h3 Nxg5 30. Qxg4 Nxe4 31. Qxe4 Qf6 32. Qxb7 Rab8 33. Qe4 Rb2+ 34. Kh1 Qf2 0-1

[Event "Titled Tuesday intern op 03rd May Early"]
[Site "Chess.com INT"]
[Date "2022.05.03"]
[Round "2"]
[White "Hoffmann, Asa"]
[Black "Dang, Hoang Son"]
[Result "0-1"]
[WhiteElo "2185"]
[BlackElo "2361"]
[PlyCount "176"]
[EventDate "2022.05.03"]
[EventType "swiss (blitz)"]
[EventRounds "11"]
[EventCountry "USA"]
[SourceTitle "CBM 208 Extra"]
[Source "ChessBase"]
[SourceDate "2022.07.31"]
[SourceVersion "1"]
[SourceVersionDate "2022.07.31"]
[SourceQuality "1"]

1. d4 Nf6 2. Bg5 c5 3. d5 Qb6 4. Nc3 d6 5. e4 g6 6. Qc1 Bg7 7. Nf3 0-0 8. Be2 e6 9. 0-0 Re8 10. a4 a6 11. a5 Qc7 12. Qf4 Nh5 13. Qh4 Bxc3 14. bxc3 exd5 15. Nd2 Ng7 16. Bf6 Nd7 17. Bg5 f5 18. f3 Nf8 19. c4 dxe4 20. fxe4 Be6 21. Bd3 Qd7 22. Rab1 Qc6 23. Bf6 Nd7 24. Bc3 Ne5 25. Nf3 Qc7 26. Nxe5 dxe5 27. Qf6 Nh5 28. Qxe5 Qxe5 29. Bxe5 fxe4 30. Bxe4 Bxc4 31. Bxb7 Bxf1 32. Bxa8 Rxa8 33. Kxf1 Re8 34. Bd6 c4 35. Rb6 Nf6 36. Rxa6 Ne4 37. Bf4 Rf8 38. g3 g5 39. Rc6 gxf4 40. gxf4 Rxf4+ 41. Kg2 Rf2+ 42. Kh3 Rxc2 43. a6 Ra2 44. Rxc4 Ng5+ 45. Kg4 Ne6 46. Rc6 Kf7 47. h4 Ra4+ 48. Kf5 Ra5+ 49. Ke4 h5 50. Rb6 Ra4+ 51. Ke5 Ra5+ 52. Ke4 Nc5+ 53. Kf3 Nxa6 54. Rh6 Kg7 55. Rc6 Nc5 56. Kg3 Ne4+ 57. Kf4 Nf6 58. Kf3 Ra4 59. Kg3 Rg4+ 60. Kh3 Nd5 61. Rc5 Nf4+ 62. Kh2 Rxh4+ 63. Kg3 Rg4+ 64. Kf3 Kg6 65. Rc6+ Kf5 66. Rc5+ Kg6 67. Rc6+ Kg5 68. Rc5+ Kh4 69. Rc4 Nh3 70. Rc5 Rf4+ 71. Kg2 Rf2+ 72. Kh1 Ra2 73. Rxh5+ Kg4 74. Rh8 Ng5 75. Rg8 Kf4 76. Kg1 Ne4 77. Kf1 Ng3+ 78. Ke1 Nf5 79. Kd1 Ne3+ 80. Kc1 Ke4 81. Rd8 Nd5 82. Kb1 Nc3+ 83. Kc1 Nb5 84. Rb8 Nd4 85. Rb4 Rh2 86. Kd1 Kd3 87. Ke1 Nc2+ 88. Kf1 Nxb4 0-1

[Event "Titled Tuesday intern op 19th Apr Early"]
[Site "Chess.com INT"]
[Date "2022.04.19"]
[Round "2"]
[White "Dang, Hoang Son"]
[Black "Bortnyk, Olexandr"]
[Result "0-1"]
[WhiteElo "2361"]
[BlackElo "2604"]
[PlyCount "92"]
[EventDate "2022.04.19"]
[EventType "swiss (blitz)"]
[EventRounds "11"]
[EventCountry "USA"]
[SourceTitle "EXT 2023"]
[Source "ChessBase"]
[SourceDate "2022.10.05"]
[SourceVersion "1"]
[SourceVersionDate "2022.10.05"]
[SourceQuality "1"]

1. d4 d6 2. Nf3 g6 3. Bf4 Bg7 4. e3 Nc6 5. Bc4 Nf6 6. Nbd2 0-0 7. h3 a6 8. a4 b6 9. 0-0 Bb7 10. Re1 Qe8 11. c3 e5 12. Bg3 e4 13. Nh2 Nh5 14. Bh4 Ne7 15. f4 exf3 16. Nhxf3 d5 17. Bd3 c5 18. a5 c4 19. Bc2 bxa5 20. e4 Qd7 21. Ne5 Qc7 22. Bxe7 Qxe7 23. exd5 Bxd5 24. Nxg6 Qxe1+ 25. Qxe1 fxg6 26. Be4 Bxe4 27. Qxe4 Rae8 28. Qd5+ Kh8 29. Nxc4 Nf4 30. Qxa5 Re2 31. Qg5 h6 32. Qg4 h5 33. Qf3 Rf5 34. Rf1 Bh6 35. Ne3 Nxh3+ 36. Qxh3 Bxe3+ 37. Kh2 Rxf1 38. Qc8+ Kg7 39. Qb7+ Rf7 40. Qxa6 Bf4+ 41. Kg1 Rxb2 42. Qd3 h4 43. d5 Bg3 44. Qd4+ Kh7 45. Qd1 Re7 46. Kf1 Re1+ 0-1

[Event "Titled Tuesday intern op 19th Apr Early"]
[Site "Chess.com INT"]
[Date "2022.04.19"]
[Round "6"]
[White "Dang, Hoang Son"]
[Black "Melaugh, Shanemelaugh"]
[Result "1-0"]
[WhiteElo "2361"]
[BlackElo "2095"]
[PlyCount "75"]
[EventDate "2022.04.19"]
[EventType "swiss (blitz)"]
[EventRounds "11"]
[EventCountry "USA"]
[SourceTitle "EXT 2023"]
[Source "ChessBase"]
[SourceDate "2022.10.05"]
[SourceVersion "1"]
[SourceVersionDate "2022.10.05"]
[SourceQuality "1"]

1. d4 e6 2. Bf4 f5 3. e3 Nf6 4. h3 Be7 5. Nf3 0-0 6. Nbd2 b6 7. Bc4 Bb7 8. Qe2 d5 9. Bd3 c5 10. c3 Nc6 11. Ne5 Bd6 12. Ba6 Bxa6 13. Qxa6 Bxe5 14. Bxe5 Nxe5 15. dxe5 Nd7 16. f4 c4 17. 0-0 Nc5 18. Qa3 Qh4 19. Nf3 Qg3 20. Rae1 Qg6 21. Re2 Ne4 22. Rfe1 Nc5 23. Nd4 a5 24. Kh2 h5 25. g3 h4 26. Rg1 hxg3+ 27. Rxg3 Qh6 28. Reg2 Kf7 29. b4 axb4 30. Qxb4 Ne4 31. Rxg7+ Qxg7 32. Rxg7+ Kxg7 33. Nxe6+ Kf7 34. Nxf8 Rxf8 35. Qxb6 Nxc3 36. e6+ Kg8 37. e7 Re8 38. Qg6+ 1-0

[Event "Titled Tuesday intern op 19th Apr Early"]
[Site "Chess.com INT"]
[Date "2022.04.19"]
[Round "8"]
[White "Dang, Hoang Son"]
[Black "Urazayev, Arystanbek"]
[Result "0-1"]
[WhiteElo "2361"]
[BlackElo "2420"]
[PlyCount "94"]
[EventDate "2022.04.19"]
[EventType "swiss (blitz)"]
[EventRounds "11"]
[EventCountry "USA"]
[SourceTitle "EXT 2023"]
[Source "ChessBase"]
[SourceDate "2022.10.05"]
[SourceVersion "1"]
[SourceVersionDate "2022.10.05"]
[SourceQuality "1"]

1. d4 Nf6 2. Bf4 g6 3. e3 Bg7 4. Nf3 0-0 5. h3 d6 6. c3 c5 7. Nbd2 Nc6 8. Be2 cxd4 9. exd4 Nd5 10. Bg3 e5 11. dxe5 dxe5 12. 0-0 Nf4 13. Bxf4 exf4 14. Re1 Bf5 15. Nc4 Qf6 16. Qd6 Be6 17. Rad1 g5 18. Qc7 Rac8 19. Qxb7 Bxc4 20. Bxc4 Na5 21. Bxf7+ Qxf7 22. Qxf7+ Rxf7 23. Nxg5 Rb7 24. Rd5 Nc4 25. b3 Nb6 26. Rf5 Bxc3 27. Re4 Bd2 28. Rd4 Bc1 29. Ne6 Rd7 30. Re4 Re7 31. Kh2 Rce8 32. Rg5+ Kh8 33. Re1 Bd2 34. Re2 Bb4 35. Nd8 Rxd8 36. Rxe7 Bxe7 37. Re5 Bd6 38. Re6 Kg7 39. h4 h5 40. Kh3 Nd5 41. Re4 Nf6 42. Ra4 Rd7 43. Ra5 Kg6 44. a3 Ne4 45. f3 Ng3 46. Rd5 Kf6 47. b4 Ke6 0-1

[Event "Titled Tuesday intern op 19th Apr Early"]
[Site "Chess.com INT"]
[Date "2022.04.19"]
[Round "10"]
[White "Sanchez Alvares, Kelvin Antonio"]
[Black "Dang, Hoang Son"]
[Result "0-1"]
[WhiteElo "2194"]
[BlackElo "2361"]
[PlyCount "106"]
[EventDate "2022.04.19"]
[EventType "swiss (blitz)"]
[EventRounds "11"]
[EventCountry "USA"]
[SourceTitle "EXT 2023"]
[Source "ChessBase"]
[SourceDate "2022.10.05"]
[SourceVersion "1"]
[SourceVersionDate "2022.10.05"]
[SourceQuality "1"]

1. e4 e5 2. Nf3 Nc6 3. Bb5 Nf6 4. 0-0 Nxe4 5. d4 Nd6 6. dxe5 Nxb5 7. a4 Nbd4 8. Nxd4 Nxd4 9. Qxd4 d5 10. exd6 Qxd6 11. Qe4+ Qe6 12. Qd4 Qd6 13. Qe4+ Qe6 14. Qd4 Bd6 15. Qxg7 Be5 16. Qh6 Qxh6 17. Bxh6 Bxb2 18. Re1+ Be6 19. Ra2 Bf6 20. c4 0-0-0 21. Rc2 Rd4 22. Nd2 Rhd8 23. Be3 Rd3 24. Ne4 Bd4 25. Nc5 Bxc5 26. Bxc5 b6 27. Be3 Rd1 28. Kf1 Kb7 29. c5 Bb3 30. c6+ Ka6 31. Rc3 Bxa4 32. Rxd1 Rxd1+ 33. Ke2 Rd6 34. Bf4 Re6+ 35. Kd3 Bxc6 36. f3 Bb5+ 37. Kd4 c5+ 38. Kd5 Kb7 39. Re3 Bc6+ 40. Kc4 a6 41. h4 h5 42. Bg5 Kc7 43. Bf4+ Kd7 44. Rd3+ Kc8 45. Re3 Bb5+ 46. Kd5 Kd7 47. Be5 Bf1 48. g4 f6 49. Bf4 Rxe3 50. Bxe3 Bg2 51. gxh5 Bxf3+ 52. Kc4 Bxh5 53. Bf4 Kc6 0-1

[Event "Titled Tuesday intern op 12th Apr Early"]
[Site "Chess.com INT"]
[Date "2022.04.12"]
[Round "11"]
[White "Dang, Hoang Son"]
[Black "Garv, Gaur"]
[Result "0-1"]
[WhiteElo "2361"]
[BlackElo "2062"]
[PlyCount "52"]
[EventDate "2022.04.12"]
[EventType "swiss (blitz)"]
[EventRounds "11"]
[EventCountry "USA"]
[SourceTitle "CBM 207 Extra"]
[Source "ChessBase"]
[SourceDate "2022.05.31"]
[SourceVersion "1"]
[SourceVersionDate "2022.05.31"]
[SourceQuality "1"]

1. d4 d5 2. Bf4 Nf6 3. e3 c5 4. Nf3 Nc6 5. Nbd2 cxd4 6. exd4 Bf5 7. c3 e6 8. h3 Bd6 9. Be3 0-0 10. g4 Bg6 11. Nh4 Be4 12. Nxe4 Nxe4 13. Nf3 f5 14. Bd3 Qf6 15. g5 Qf7 16. Qe2 a6 17. 0-0-0 b5 18. a3 Rac8 19. h4 b4 20. axb4 Nxb4 21. h5 Nxc3 22. bxc3 Rxc3+ 23. Kb2 Qc7 24. Rc1 Nxd3+ 25. Qxd3 Rb8+ 26. Ka2 Qa5# 0-1

[Event "Titled Tuesday intern op 12th Apr Early"]
[Site "Chess.com INT"]
[Date "2022.04.12"]
[Round "9"]
[White "Dang, Hoang Son"]
[Black "Pranav, V."]
[Result "0-1"]
[WhiteElo "2361"]
[BlackElo "2481"]
[PlyCount "88"]
[EventDate "2022.04.12"]
[EventType "swiss (blitz)"]
[EventRounds "11"]
[EventCountry "USA"]
[SourceTitle "CBM 207 Extra"]
[Source "ChessBase"]
[SourceDate "2022.05.31"]
[SourceVersion "1"]
[SourceVersionDate "2022.05.31"]
[SourceQuality "1"]

1. d4 Nf6 2. Bf4 c5 3. d5 b5 4. f3 e6 5. e4 c4 6. Nc3 Qb6 7. Qd2 Bc5 8. Nh3 exd5 9. Nxd5 Nxd5 10. Qxd5 Nc6 11. Ng5 0-0 12. Qf5 g6 13. Qh3 h5 14. Qg3 d5 15. exd5 Nb4 16. 0-0-0 Bf2 17. a3 Bxg3 18. hxg3 a5 19. g4 c3 20. bxc3 Qf6 21. Bd2 Nxd5 22. Ne4 Qe7 23. Kb2 b4 24. gxh5 bxc3+ 25. Nxc3 Rb8+ 26. Nb5 Qc5 27. c4 Nb6 28. Rc1 Na4+ 29. Kb3 Bd7 30. hxg6 Bxb5 31. cxb5 Qd5+ 32. Bc4 Nc5+ 33. Kc3 Qe5+ 34. Kc2 Qf5+ 35. Kb2 Qxg6 36. Ka2 Nd7 37. Bc3 Nf6 38. Rc2 Qxc2+ 39. Bb2 Qxc4+ 40. Ka1 Qf4 41. g3 Qxf3 42. Rh6 Rxb5 43. Rxf6 Qd1+ 44. Ka2 Qb3+ 0-1

[Event "Titled Tuesday intern op 12th Apr Early"]
[Site "Chess.com INT"]
[Date "2022.04.12"]
[Round "2"]
[White "Namitbir, Singh Walia"]
[Black "Dang, Hoang Son"]
[Result "0-1"]
[WhiteElo "2293"]
[BlackElo "2361"]
[PlyCount "64"]
[EventDate "2022.04.12"]
[EventType "swiss (blitz)"]
[EventRounds "11"]
[EventCountry "USA"]
[SourceTitle "CBM 207 Extra"]
[Source "ChessBase"]
[SourceDate "2022.05.31"]
[SourceVersion "1"]
[SourceVersionDate "2022.05.31"]
[SourceQuality "1"]

1. d4 Nf6 2. c4 g6 3. Nf3 Bg7 4. g3 0-0 5. Bg2 d6 6. 0-0 Nbd7 7. Nc3 e5 8. e4 exd4 9. Nxd4 Nc5 10. Re1 Ng4 11. h3 Ne5 12. Bf1 Ne6 13. Be3 Nxd4 14. Bxd4 Be6 15. Rc1 Qd7 16. Kh2 f5 17. f4 Nf3+ 18. Qxf3 Bxd4 19. exf5 Rxf5 20. Qe4 Bxc3 21. Rxc3 Re8 22. Rce3 b6 23. c5 bxc5 24. g4 Rff8 25. a4 d5 26. Qc2 c4 27. b3 cxb3 28. Qxb3 Rxf4 29. Bg2 c6 30. Re5 Qd6 31. Qg3 Rff8 32. Qf2 Rxf2 0-1

[Event "Titled Tuesday intern op 05th Apr Early"]
[Site "Chess.com INT"]
[Date "2022.04.05"]
[Round "7"]
[White "Dang, Hoang Son"]
[Black "Sonis, Francesco"]
[Result "1/2-1/2"]
[WhiteElo "2361"]
[BlackElo "2539"]
[PlyCount "133"]
[EventDate "2022.04.05"]
[EventType "swiss (blitz)"]
[EventRounds "11"]
[EventCountry "USA"]
[SourceTitle "CBM 207 Extra"]
[Source "ChessBase"]
[SourceDate "2022.05.31"]
[SourceVersion "1"]
[SourceVersionDate "2022.05.31"]
[SourceQuality "1"]

1. d4 Nf6 2. Bf4 d5 3. e3 c5 4. Nd2 Nc6 5. Ngf3 cxd4 6. exd4 Bf5 7. c3 e6 8. Qb3 Qc8 9. h3 h6 10. Be2 Be7 11. 0-0 0-0 12. a4 Ne4 13. Rfc1 Rd8 14. Qd1 Bf8 15. b4 Bd6 16. Bxd6 Nxd6 17. a5 Qd7 18. Nb3 Qe7 19. Ne5 Rac8 20. Nc5 b6 21. axb6 axb6 22. Ncd3 Nc4 23. Nxc6 Rxc6 24. Ne5 Nxe5 25. dxe5 Qc7 26. Qd4 Rc8 27. c4 Qe7 28. b5 Rc5 29. Ra6 Bxh3 30. Qe3 Bf5 31. Rxb6 dxc4 32. Rd6 Rxb5 33. Bxc4 Rbc5 34. Rd4 Qc7 35. Qf4 Qxe5 36. Qxe5 Rxe5 37. Rcd1 g5 38. Bd3 Bxd3 39. R1xd3 Rf5 40. Rd2 Kg7 41. Kh2 Rcc5 42. f3 Rf6 43. Kg3 Rcf5 44. Re4 Rf4 45. Re5 R6f5 46. Re3 h5 47. Rd7 h4+ 48. Kh3 Ra5 49. Rxe6 Ra1 50. Kh2 Ra2 51. Re3 g4 52. fxg4 Rxg4 53. Kh3 Raxg2 54. Rxf7+ Kxf7 55. Re7+ Kf6 56. Re6+ Kf5 57. Re5+ Kf4 58. Re4+ Kf3 59. Re3+ Kf4 60. Re4+ Kg5 61. Re5+ Kh6 62. Rh5+ Kg6 63. Rh6+ Kf5 64. Rf6+ Ke4 65. Re6+ Kf3 66. Re3+ Kf4 67. Re4+ 1/2-1/2